000 00480nam a2200121Ia 4500
008 220620s9999||||xx |||||||||||||| ||und||
100 _aDuran, Angelica||Huang, Yuhan
245 0 _aMo Yan in Context
_bNobel Laureate and Global Storyteller
546 _aEnglish[eng]
650 _aLiterature||Buddhism||China||Mo Yan
856 _uhttps://library.oapen.org/bitstream/20.500.12657/31577/1/626983.pdf||https://library.oapen.org/bitstream/20.500.12657/31577/1/626983.pdf
942 _cEB
999 _c31089
_d31089